000
00180 a2200097 4500
020
_a
9780761393399
041
_a
spa
100
_a
Robin Nelson
245
_a
Estaciones
942
_c
BK
999
_c
14219
_d
14219